| 000 | 00611nam a22001937a 4500 | ||
|---|---|---|---|
| 999 |
_c186330 _d186330 |
||
| 005 | 20220223122250.0 | ||
| 010 | _aENG-131763 | ||
| 020 |
_a9789388096416 _c499.00 |
||
| 035 | _aEN-115295 | ||
| 037 | _bDBAD | ||
| 082 | _a530.12 | ||
| 100 | _aVenkanna, K. | ||
| 245 |
_aApplied Physics/ _cK. Venkanna, P. Nageswar Rao |
||
| 260 |
_aHyderabad _bSevenHills International Publishers _c2020 |
||
| 270 |
_a# 326/C, Level-2, Surnemi Nilayam, Near B K Guda Park, S R Nagar _bHyderabad _e500038 |
||
| 300 |
_axvi, 344p. _c24cm(pbk) |
||
| 700 | _aRao, P. Nageswar | ||
| 942 |
_2ddc _cEN _h530.12 _mVEN |
||